000
00240nam a22000857a 4500
008
160712b xxu||||| |||| 00| 0 eng d
100
_9
2668
_a
Bijlani, R
245
_a
Our Body: A Wonderful Mechine
260
_a
New Delhi
_b
National Book Trust
_c
2004
999
_c
2321
_d
2321